Central Library OPAC University of Rajshahi

The theory of probability / (Record no. 6966)

MARC details
000 -LEADER
fixed length control field 00785cam a22002411 4500
001 - CONTROL NUMBER
control field 6966
003 - CONTROL NUMBER IDENTIFIER
rucl marc code BD-RjUL
005 - DATE AND TIME OF LATEST TRANSACTION
control field 20211208234339.0
008 - FIXED-LENGTH DATA ELEMENTS--GENERAL INFORMATION
fixed length control field 140113r19731969ru a b 001 0 eng
035 ## - SYSTEM CONTROL NUMBER
System control number (BD-RjUL)7008
040 ## - CATALOGING SOURCE
Original cataloging agency DLC
Transcribing agency DLC
Modifying agency DLC
-- BD-RjUL
Language of cataloging eng
041 1# - LANGUAGE CODE
Language code of text/sound track or separate title engrus
082 00 - DEWEY DECIMAL CLASSIFICATION NUMBER
Classification number 519.1
Edition number 19
Author mark and year GNT 1973
100 1# - MAIN ENTRY--PERSONAL NAME
Personal name Gnedenko, B. V.
Fuller form of name (Boris Vladimirovich),
Dates associated with a name 1912-1995.
9 (RLIN) 21785
245 14 - TITLE STATEMENT
Title The theory of probability /
Statement of responsibility, etc. by B.V. Gnedenko. Translated from the Russian by George Yankovsky.
260 ## - PUBLICATION, DISTRIBUTION, ETC. (IMPRINT)
Place of publication, distribution, etc. Moscow :
Name of publisher, distributor, etc. MIR,
Date of publication, distribution, etc. 1969 [printing 1973].
300 ## - PHYSICAL DESCRIPTION
Pagination 405 p. :
Illustrations illus. ;
Size 22 cm.
504 ## - BIBLIOGRAPHY, ETC. NOTE
Bibliography, etc Bibliographical reference and index.
650 #0 - SUBJECT ADDED ENTRY--TOPICAL TERM
Topical term or geographic name as entry element Probabilities.
9 (RLIN) 243
942 ## - ADDED ENTRY ELEMENTS (KOHA)
Source of classification or shelving scheme Dewey Decimal Classification
Koha item type Books
Holdings
Lost status Source of classification or shelving scheme Damaged status Not for loan Collection code Permanent Location Current Location Shelving location Date acquired Source of acquisition Cost, normal purchase price Total Checkouts Full call number Date last seen Copy number Koha item type
  Dewey Decimal Classification     Non-fiction Central Library, University of Rajshahi Central Library, University of Rajshahi   23/06/1982 staland Pub new.Raj 40.00   519.1 GNT 1973 13/01/2014 C-4 Books
  Dewey Decimal Classification     Non-fiction Central Library, University of Rajshahi Central Library, University of Rajshahi   23/06/1982 Standard Pub. Dacca 40.00   519.1 GNT 1973 31/08/2016 C-2 Books
  Dewey Decimal Classification     Non-fiction Central Library, University of Rajshahi Central Library, University of Rajshahi   23/06/1982 Standard Pub. Dacca 40.00   519.1 GNT 1973 31/08/2016 C-3 Books